| 000 | 01253nam a2200301 4500 | ||
|---|---|---|---|
| 005 | 20240530110347.0 | ||
| 008 | 141211s2009 ua g b 000 0 ara d | ||
| 017 |
_a19224/2008 _bمصر . دار الكتب المصرية |
||
| 020 | _a9772583402 | ||
| 040 | _aEG-CaGPL | ||
| 041 | 0 | _aara | |
| 082 | 0 | 4 |
_221 _a659.14\ _bش إ |
| 100 | 0 |
_aشعبان ابواليزيد شمس _cعميد كلية الاعلام و فنون الاتصال جامعة 6 اكتوبر |
|
| 245 | 1 | 2 |
_aالاعلان الاذاعى والتليفزيونى / _cشعبان ابواليزيد شمس |
| 250 | _aط1 | ||
| 260 |
_aالقاهرة : _bالدار العربية للنشر والتوزيع ، _c2009 |
||
| 300 |
_a209 ص ؛ _c24 سم |
||
| 490 | _aسلسلة الدار العربية للتعليم المفتوح : الدراسات الاعلامية | ||
| 504 | _aببليوجرافية : ص 203 - 209 | ||
| 650 | 0 | 4 | _aالاعلانات |
| 650 | 0 | 4 | _aوسائل الاعلان |
| 650 | 0 | 4 | _aالاعلان بالتليفزيون |
| 650 | 0 | 4 | _aالدعاية التليفزيونية |
| 650 | 0 | 4 | _aالاعلان بالاذاعة |
| 650 | 0 | 4 | _aالدعاية الاذاعية |
| 942 |
_2ddc _cBK |
||
| 999 |
_c60002 _d60002 |
||